[Event "Gausdal Classics GMA"]
[Site "Gausdal NOR"]
[Date "2008.04.13"]
[Round "6"]
[White "Kotronias, V."]
[Black "Sandipan, C."]
[Result "1-0"]
[WhiteElo "2611"]
[BlackElo "2585"]
[PlyCount "61"]
[EventDate "2008.04.08"]
[Source "www.chesslib.no"]
[SourceDate "2004.05.04"]

1. e4 Nf6 2. e5 Ng8 3. d4 d6 4. Nf3 Bg4 5. h3 Bh5 6. e6 fxe6 7. g4 Bg6 8. Ng5 Qd7 9. Qe2 e5 10. d5 Nf6 11. Bg2 h6 12. Ne6 c6 13. c4 Bf7 14. Nxf8 Rxf8 15. Nc3 e6 16. dxc6 Nxc6 17. Be3 Qe7 18. O-O g5 19. Rfd1 Rd8 20. b4 Rg8 21. Nb5 a6 22. Bxc6+ bxc6 23. Na7 Qd7 24. Qf3 Nd5 25. cxd5 cxd5 26. Bb6 Rb8 27. Rac1 e4 28. Qe3 Qa4 29. Bc7 Rxb4 30. Bxd6 Rc4 31. Nc8 1-0

[Event "FRA Team Ch"]
[Site "France"]
[Date "1989.??.??"]
[Round "?"]
[White "Wilder, Michael J"]
[Black "Bricard, Emmanuel"]
[Result "1-0"]
[WhiteElo "2540"]
[BlackElo "2370"]
[PlyCount "51"]
[EventDate "1989.??.??"]
[Source "www.chesslib.no"]
[SourceDate "2004.05.04"]

1. e4 Nf6 2. e5 Ng8 3. d4 d6 4. f4 c5 5. dxc5 Qa5+ 6. Nc3 dxe5 7. Nf3 Nc6 8. Bb5 Bd7 9. O-O O-O-O 10. Qe1 exf4 11. Bxf4 f6 12. Kh1 e5 13. Bxc6 bxc6 14. Nxe5 Re8 15. b4 Qa3 16. Rd1 fxe5 17. Rxd7 Nf6 18. Bc1 Qxb4 19. Rxa7 Bxc5 20. Ba3 Qd4 21. Bxc5 Qxc5 22. Rxg7 Rhf8 23. Qe2 Re7 24. Ne4 Qa3 25. Rxe7 Qxe7 26. Qa6+ 1-0

[Event "NRW Ch U18"]
[Site "Buende"]
[Date "1985.??.??"]
[Round "9"]
[White "Klinger, Josef"]
[Black "Buecker, Stefan"]
[Result "1-0"]
[WhiteElo "2495"]
[BlackElo "2400"]
[PlyCount "78"]
[EventDate "1985.04.??"]
[Source "www.chesslib.no"]
[SourceDate "2004.05.04"]

1. e4 Nf6 2. e5 Ng8 3. d4 d6 4. Nf3 Bg4 5. h3 Bh5 6. g4 Bg6 7. e6 Qc8 8. Bc4 fxe6 9. Ng5 d5 10. Bd3 Bxd3 11. Qxd3 Nf6 12. Nc3 Nc6 13. Bf4 Qd7 14. O-O-O g6 15. Rhe1 Bh6 16. Nxe6 Bxf4+ 17. Nxf4 O-O-O 18. Kb1 Kb8 19. Ne6 Rde8 20. Nc5 Qc8 21. Qb5 e6 22. Re3 Nd8 23. Rde1 b6 24. Nd3 Nd7 25. Qb4 Qb7 26. Qa4 Kc8 27. Nb4 Ref8 28. Nb5 a5 29. Rc3 axb4 30. Nd6+ Kb8 31. Nxb7 bxc3 32. Nxd8 Rxd8 33. Rxe6 Rhf8 34. bxc3 Rxf2 35. Re7 b5 36. Qxb5+ Nb6 37. a4 Rf6 38. a5 Kc8 39. Qc5 Na8 1-0

[Event "FRA Ch"]
[Site "Toulouse FRA"]
[Date "1995.??.??"]
[Round "11"]
[White "Prie, Eric"]
[Black "Luce, Sebastien"]
[Result "1-0"]
[WhiteElo "2480"]
[BlackElo "2410"]
[PlyCount "47"]
[EventDate "1995.08.??"]
[Source "www.chesslib.no"]
[SourceDate "2004.05.04"]

1. e4 Nf6 2. e5 Ng8 3. d4 d6 4. Nf3 Bg4 5. h3 Bf5 6. Bd3 Qd7 7. O-O Nc6 8. exd6 Bxd3 9. Qxd3 exd6 10. Re1+ Be7 11. d5 Nb8 12. Bg5 h6 13. Be3 Nf6 14. Nc3 O-O 15. Nd4 Nh7 16. Nf5 Bf6 17. Bd4 Qd8 18. Ne4 Bxd4 19. Qxd4 f6 20. Neg3 Rf7 21. Qg4 Kh8 22. Nh5 Qd7 23. Nhxg7 Rxg7 24. Re8+ 1-0

[Event "Festuge Open"]
[Site "Festuge"]
[Date "1991.??.??"]
[Round "?"]
[White "Mortensen, Erling"]
[Black "Martin, Andrew D"]
[Result "1-0"]
[WhiteElo "2450"]
[BlackElo "2430"]
[PlyCount "91"]
[EventDate "1991.??.??"]
[Source "www.chesslib.no"]
[SourceDate "2004.05.04"]

1. e4 Nf6 2. e5 Ng8 3. d4 d6 4. Nf3 Bg4 5. h3 Bh5 6. g4 Bg6 7. Nc3 e6 8. Bg2 d5 9. Ne2 c5 10. c3 Nc6 11. O-O Rc8 12. Nf4 Be4 13. Be3 cxd4 14. cxd4 Qb6 15. Ng5 Bxg2 16. Kxg2 Be7 17. Nf3 g6 18. Qe2 h5 19. Nd3 Nh6 20. Bxh6 Rxh6 21. Qe3 g5 22. Rfc1 Kd7 23. Rc3 hxg4 24. hxg4 Rch8 25. Rb3 Qa6 26. Rc1 Rh3 27. Nc5+ Bxc5 28. Rxc5 Na5 29. Rxa5 Qxa5 30. Rxb7+ Kc8 31. Rxf7 Qxa2 32. Qc3+ Qc4 33. Qxc4+ dxc4 34. Rxa7 R3h7 35. Ra4 Rb7 36. Rxc4+ Kd7 37. Nxg5 Rxb2 38. Ne4 Ra8 39. g5 Re2 40. Nf6+ Kd8 41. Kf3 Re1 42. Rc6 Ra4 43. Rd6+ Kc8 44. g6 Rg1 45. Ng4 Ra3+ 46. Kf4 1-0

[Event "BCF Ch"]
[Site "Eastbourne"]
[Date "1991.??.??"]
[Round "7"]
[White "Emms, John M"]
[Black "Martin, Andrew D"]
[Result "0-1"]
[WhiteElo "2440"]
[BlackElo "2430"]
[PlyCount "120"]
[EventDate "1991.07.??"]
[Source "www.chesslib.no"]
[SourceDate "2004.05.04"]

1. e4 Nf6 2. e5 Ng8 3. d4 d6 4. exd6 cxd6 5. Nf3 Nf6 6. Be2 Bg4 7. O-O e6 8. c4 Be7 9. h3 Bh5 10. Nc3 O-O 11. Qb3 Qc7 12. Be3 Nc6 13. Rac1 b6 14. a3 Rac8 15. Qa2 Nb8 16. Nb5 Qd7 17. Rfd1 Bxf3 18. Bxf3 d5 19. b3 Nc6 20. Nc3 Rfd8 21. cxd5 Nxd5 22. Nxd5 exd5 23. b4 b5 24. Rc2 a5 25. bxa5 b4 26. a4 b3 27. Qxb3 Rb8 28. Qxd5 Qxd5 29. Bxd5 Nb4 30. Be4 Nxc2 31. Bxc2 Rd5 32. Bd3 Rxa5 33. Bb5 Bd6 34. d5 Kf8 35. g3 Rc8 36. Kg2 Raa8 37. Bc6 Ra5 38. Bb6 Ra6 39. Bb7 Rxb6 40. Bxc8 Rb2 41. a5 Ra2 42. a6 Bc5 43. Rf1 Ke7 44. h4 Kd6 45. Bb7 f5 46. Kf3 g6 47. Kg2 Re2 48. h5 Ra2 49. h6 Be3 50. Kf3 Bc5 51. Kf4 Bxf2 52. Kg5 Ke5 53. Rxf2 Rxf2 54. a7 Rh2 55. g4 Rg2 56. Kh4 Kf4 57. Kh3 Ra2 58. g5 Rxa7 59. Bc6 Kxg5 60. d6 Ra3+ 0-1

[Event "Obro-A"]
[Site "Copenhagen DEN"]
[Date "1990.??.??"]
[Round "1"]
[White "Tischbierek, Raj"]
[Black "Welling, Gerard"]
[Result "1-0"]
[WhiteElo "2495"]
[BlackElo "2370"]
[PlyCount "81"]
[EventDate "1990.??.??"]
[Source "www.chesslib.no"]
[SourceDate "2004.05.04"]

1. e4 Nf6 2. e5 Ng8 3. d4 d6 4. Nf3 Bg4 5. h3 Bh5 6. g4 Bg6 7. Bg2 e6 8. O-O Nd7 9. Qe2 d5 10. Nc3 c6 11. Bf4 h5 12. Bg3 hxg4 13. hxg4 Be7 14. Nd1 Nh6 15. Ne3 Be4 16. Nd2 Bxg2 17. Kxg2 Bh4 18. Bxh4 Qxh4 19. Rh1 Qe7 20. c4 O-O-O 21. cxd5 cxd5 22. f4 f6 23. Nf3 Nf7 24. Rac1+ Kb8 25. Qc2 Nb6 26. Qg6 fxe5 27. fxe5 Rxh1 28. Rxh1 Nh8 29. Qg5 Qd7 30. Rh7 Rg8 31. b3 Qf7 32. Nh4 Nc8 33. Qh5 Qf4 34. Rxh8 Rxh8 35. Qxh8 Qxe3 36. Nf3 Qe2+ 37. Kg3 Qxa2 38. Qxg7 Qxb3 39. g5 a5 40. g6 Qb4 41. Qf6 1-0

[Event "IBM-B"]
[Site "Amsterdam"]
[Date "1976.??.??"]
[Round "8"]
[White "Ciocaltea, Victor"]
[Black "Suwuh, J."]
[Result "1/2-1/2"]
[WhiteElo "2480"]
[BlackElo "2370"]
[PlyCount "91"]
[EventDate "1976.07.??"]
[Source "ChessBase"]

1. e4 Nf6 2. e5 Ng8 3. d4 d5 4. Nf3 Bg4 5. Nbd2 e6 6. h3 Bf5 7. c3 Nd7 8. Be2 c5 9. O-O h6 10. Re1 a6 11. a4 c4 12. a5 Qc7 13. b3 cxb3 14. Qxb3 Ne7 15. Ba3 Nc6 16. Bxf8 Nxf8 17. c4 Nxa5 18. Qa2 Nc6 19. cxd5 exd5 20. Qxd5 Rd8 21. Qb3 Be6 22. Qb2 Ng6 23. Ne4 O-O 24. Nd6 Rb8 25. Bd3 Nf4 26. Be4 Qd7 27. Qd2 Nd5 28. Nh4 Nce7 29. Ra5 f5 30. Bxd5 Bxd5 31. Rc1 Qe6 32. Rac5 b5 33. Rc7 b4 34. Rxe7 Qxe7 35. Ng6 Qd7 36. Nxf8 Kxf8 37. Qd3 b3 38. Qxa6 b2 39. Rb1 Kg8 40. Kh2 Qc7 41. Nxf5 Be4 42. Qa2+ Kh7 43. Rxb2 Rxb2 44. Qxb2 Bxf5 45. d5 Qc4 46. Qd2 1/2-1/2

[Event "CRO-ch"]
[Site "Slavonski Brod"]
[Date "1995.??.??"]
[Round "?"]
[White "Rogic, Davor"]
[Black "Loncar, Robert"]
[Result "0-1"]
[WhiteElo "2460"]
[BlackElo "2385"]
[PlyCount "114"]
[EventDate "1995.02.??"]
[Source "ChessBase"]

1. e4 Nf6 2. e5 Ng8 3. d4 d5 4. c4 dxc4 5. Bxc4 e6 6. Nf3 Ne7 7. O-O Nd5 8. Nbd2 Be7 9. Ne4 h6 10. Bd2 Bd7 11. Ng3 Bc6 12. Rc1 Nd7 13. Bd3 N7b6 14. a3 Qd7 15. Qe2 a6 16. Ne4 Bb5 17. Nc5 Bxc5 18. Rxc5 Bxd3 19. Qxd3 Nc8 20. Qe4 Nce7 21. Rfc1 O-O 22. h3 Ng6 23. Qg4 c6 24. R5c2 Qe8 25. Re1 f5 26. exf6 Rxf6 27. Bc1 Qf7 28. Rce2 Re8 29. Re4 Rf5 30. Qg3 Nf6 31. R4e3 Nh5 32. Qg4 Nhf4 33. Ne5 Nxe5 34. Rxe5 Nd3 35. Rxf5 exf5 36. Rxe8+ Qxe8 37. Qd1 Qe4 38. Be3 f4 39. Bd2 Qxd4 40. Qf3 Nxb2 41. Bxf4 Nd3 42. Bg3 Qd5 43. Qg4 c5 44. f4 Qe4 45. Qh5 b5 46. f5 Ne1 47. Bxe1 Qxe1+ 48. Kh2 Qe5+ 49. Kh1 c4 50. Qf3 c3 51. Qc6 a5 52. f6 Qxf6 53. Qxb5 Qe6 54. Qxa5 Qc4 55. Qd8+ Kh7 56. Qd1 c2 57. Qc1 Qb3 0-1

[Event "Copenhagen Open"]
[Site "Copenhagen DEN"]
[Date "1988.??.??"]
[Round "?"]
[White "Ernst, Thomas"]
[Black "Welling, Gerard"]
[Result "1-0"]
[WhiteElo "2455"]
[BlackElo "2355"]
[PlyCount "99"]
[EventDate "1988.06.??"]
[Source "www.chesslib.no"]
[SourceDate "2004.05.04"]

1. e4 Nf6 2. e5 Ng8 3. d4 d6 4. Nf3 Bg4 5. h3 Bh5 6. g4 Bg6 7. Nc3 e6 8. Bf4 d5 9. Bd3 c5 10. Bxg6 hxg6 11. Qd2 Nc6 12. Ne2 Qb6 13. c3 cxd4 14. Nexd4 Bc5 15. Nb3 Nge7 16. Nxc5 Qxc5 17. O-O-O a5 18. Kb1 a4 19. h4 Qc4 20. Ka1 Na5 21. Nd4 Nb3+ 22. Nxb3 axb3 23. a3 Ra4 24. Bg5 Qxg4 25. c4 Nc6 26. cxd5 Nd4 27. d6 Kd7 28. Qd3 Rc8 29. Be3 Nc2+ 30. Kb1 Qc4 31. Qxc4 Raxc4 32. Rd3 Nxe3 33. fxe3 R4c5 34. Rxb3 b5 35. Rf1 Rf8 36. a4 Rxe5 37. axb5 Kxd6 38. b6 f6 39. b7 Rb8 40. Rc1 Kd7 41. e4 f5 42. Rd3+ Ke7 43. Rc7+ Kf6 44. Rb3 fxe4 45. Rc8 e3 46. Rxb8 e2 47. Rf8+ Ke7 48. Re8+ Kf7 49. Rf3+ Rf5 50. Re3 1-0

[Event "Bobadela Mestres"]
[Site "Bobadela"]
[Date "2002.01.05"]
[Round "1"]
[White "Galego, Luis"]
[Black "Cordovil, Joao"]
[Result "1-0"]
[WhiteElo "2521"]
[BlackElo "2259"]
[PlyCount "91"]
[EventDate "2002.01.05"]
[Source "ChessBase"]
[SourceDate "2002.03.14"]

1. e4 Nf6 2. e5 Ng8 3. d4 d6 4. Nf3 Bg4 5. h3 Bh5 6. e6 fxe6 7. g4 Bf7 8. Ng5 Nh6 9. Nc3 Qd7 10. Be3 Nc6 11. Bg2 Bg8 12. Qf3 d5 13. O-O-O Nf7 14. Nxf7 Bxf7 15. Rhe1 g6 16. h4 Bg7 17. h5 g5 18. Bxg5 Nxd4 19. Qe3 h6 20. Bf4 c5 21. Ne2 Qa4 22. Nxd4 Bxd4 23. Rxd4 Qxd4 24. Qxd4 cxd4 25. Be5 Rg8 26. Bh3 Kd7 27. Bxd4 a6 28. f4 Rac8 29. Kd2 Rc4 30. c3 b5 31. Re5 b4 32. g5 bxc3+ 33. bxc3 Rb8 34. gxh6 Kd6 35. Rg5 Rxd4+ 36. cxd4 Rh8 37. Ke3 Rxh6 38. Bg4 Be8 39. Kf3 Bb5 40. Rg6 Rh7 41. Rxe6+ Kc7 42. f5 a5 43. Kf4 Be8 44. h6 Bd7 45. Rg6 Be8 46. Kg5 1-0

[Event "Hameln Voba"]
[Site "Hameln"]
[Date "1987.??.??"]
[Round "?"]
[White "Reeh, Oliver"]
[Black "Bricard, Emmanuel"]
[Result "0-1"]
[WhiteElo "2425"]
[BlackElo "2350"]
[PlyCount "61"]
[EventDate "1987.??.??"]
[Source "www.chesslib.no"]
[SourceDate "2004.05.04"]

1. e4 Nf6 2. e5 Ng8 3. d4 d6 4. Nf3 h6 5. Be2 g5 6. exd6 cxd6 7. O-O Bg7 8. h3 e6 9. c4 f5 10. Nc3 Nf6 11. d5 e5 12. c5 e4 13. Nd4 dxc5 14. Bb5+ Ke7 15. Nb3 a6 16. Be2 Qd6 17. f3 exf3 18. Bxf3 Nbd7 19. Be3 b6 20. Na4 Rb8 21. Rc1 Kf7 22. Bh5+ Nxh5 23. Qxh5+ Qg6 24. Qe2 f4 25. Bf2 Re8 26. Qd2 Kg8 27. Nc3 Ne5 28. Rce1 Bf5 29. d6 Bd3 30. Nd5 Qxd6 31. Rxe5 0-1

[Event "Foment Open"]
[Site "Foment"]
[Date "1995.??.??"]
[Round "5"]
[White "De la Riva Aguado, Oscar"]
[Black "Beltran Rueda, Santiago"]
[Result "1-0"]
[WhiteElo "2425"]
[BlackElo "2325"]
[PlyCount "57"]
[EventDate "1995.??.??"]
[Source "www.chesslib.no"]
[SourceDate "2004.05.04"]

1. e4 Nf6 2. e5 Ng8 3. d4 d6 4. Nf3 g6 5. Bc4 d5 6. Bb3 Bg7 7. O-O c6 8. c4 dxc4 9. Bxc4 Nh6 10. h3 O-O 11. Nc3 b6 12. Re1 Bb7 13. Bf4 Kh8 14. Qd2 Ng8 15. Ng5 e6 16. Nge4 h6 17. Nd6 Bc8 18. Rac1 a5 19. Nce4 Ba6 20. Bb3 Ra7 21. g3 Rd7 22. h4 Qe7 23. Qe3 Rfd8 24. Nd2 Qf8 25. d5 cxd5 26. Qxb6 Ne7 27. Ba4 g5 28. Bxd7 gxf4 29. Qxd8 1-0

[Event "First Saturday GM - Marzo 2007"]
[Site "Budapest UNG"]
[Date "2007.03.06"]
[Round "3"]
[White "Potapov, Pavel"]
[Black "Varga, Csaba Zoltan"]
[Result "1-0"]
[WhiteElo "2380"]
[BlackElo "2342"]
[PlyCount "43"]
[EventDate "2007.03.04"]
[Source "www.chesslib.no"]
[SourceDate "2004.05.04"]

1. e4 Nf6 2. e5 Ng8 3. d4 d6 4. Nf3 Bg4 5. h3 Bh5 6. g4 Bg6 7. Bg2 Nc6 8. Qe2 e6 9. d5 exd5 10. exd6+ Kd7 11. dxc7 Qxc7 12. O-O Re8 13. Be3 Bc5 14. Nc3 Nf6 15. g5 Bxe3 16. fxe3 Ne4 17. Nxd5 Qg3 18. Qc4 Kc8 19. b4 Nd6 20. Qb3 Be4 21. Nf4 Kb8 22. Ne2 1-0

[Event "Sydney"]
[Site "Sydney AUS"]
[Date "1989.??.??"]
[Round "1"]
[White "Solomon, Stephen J"]
[Black "Depasquale, Chris"]
[Result "0-1"]
[WhiteElo "2370"]
[BlackElo "2300"]
[PlyCount "86"]
[EventDate "1989.??.??"]
[Source "www.chesslib.no"]
[SourceDate "2004.05.04"]

1. e4 Nf6 2. e5 Ng8 3. d4 d5 4. c4 c5 5. Nc3 e6 6. cxd5 exd5 7. Nf3 Nc6 8. Be2 cxd4 9. Nb5 Bc5 10. O-O Nge7 11. Bg5 h6 12. Bf4 O-O 13. Rc1 Bb6 14. Nbxd4 Ng6 15. Bg3 Nxd4 16. Nxd4 Qe7 17. Qd2 Nxe5 18. Rfe1 Qf6 19. Nf3 Nxf3+ 20. Bxf3 Be6 21. Be5 Qg5 22. Bf4 Qf6 23. Qb4 Rfc8 24. Be5 Qg5 25. Bf4 Qh4 26. g3 Qf6 27. Bg2 g5 28. Be3 d4 29. Bd2 d3 30. Rf1 Rxc1 31. Bxc1 Rc8 32. Be3 Bxe3 33. fxe3 Qe5 34. Qd2 Bf5 35. Qf2 Bg6 36. e4 Rc2 37. Qe3 Qxb2 38. Bf3 d2 39. Qxa7 Rc1 40. Qa4 Qb1 41. Rd1 Rxd1+ 42. Qxd1 Bxe4 43. Qxb1 Bxf3 0-1

[Event "Backa Open, Palanka YUG"]
[Site "?"]
[Date "2001.??.??"]
[Round "1"]
[White "Leskur, D."]
[Black "Pucarevic, M."]
[Result "1-0"]
[WhiteElo "2475"]
[BlackElo "2195"]
[PlyCount "61"]
[EventDate "2001.??.??"]
[Source "www.chesslib.no"]
[SourceDate "2004.05.04"]

1. e4 Nf6 2. e5 Ng8 3. d4 d5 4. c4 e6 5. Nc3 Ne7 6. Nf3 b6 7. cxd5 Nxd5 8. Bd3 Bb7 9. O-O Be7 10. Re1 Nd7 11. Ne4 h6 12. a3 a6 13. Qe2 b5 14. Be3 N7b6 15. Rac1 Nxe3 16. fxe3 Bd5 17. Nfd2 Na4 18. Rc2 Rc8 19. Qg4 Bf8 20. b4 h5 21. Qf4 Rh6 22. Rf1 Qd7 23. Qxh6 gxh6 24. Nf6+ Kd8 25. Nxd7 Kxd7 26. Rxf7+ Be7 27. Ne4 Bb3 28. Rcf2 Rh8 29. Rg7 Kd8 30. Rff7 Bg5 31. Rd7+ 1-0

[Event "Mitropa-Cup 11th"]
[Site "Muerren"]
[Date "1987.??.??"]
[Round "3"]
[White "Gobet, Fernand"]
[Black "Bricard, Emmanuel"]
[Result "1-0"]
[WhiteElo "2310"]
[BlackElo "2350"]
[PlyCount "113"]
[EventDate "1987.09.26"]
[Source "www.chesslib.no"]
[SourceDate "2004.05.04"]

1. e4 Nf6 2. e5 Ng8 3. d4 d6 4. Nf3 h6 5. Nc3 g5 6. Bc4 Bg7 7. Qe2 Nc6 8. e6 fxe6 9. Qd3 Nf6 10. h4 g4 11. Nh2 O-O 12. Be3 Na5 13. O-O-O c6 14. Bb3 Nxb3+ 15. axb3 Qa5 16. Kb1 Qf5 17. Qd2 Kh7 18. Nf1 Nh5 19. Ne2 e5 20. Nfg3 Nxg3 21. Nxg3 Qg6 22. h5 Qf6 23. Ne4 Qe6 24. Rhe1 Qd5 25. Nc3 Qxg2 26. dxe5 Bxe5 27. Bd4 Qh2 28. Bxe5 dxe5 29. Ne4 Qf4 30. Qb4 Qf7 31. Nc5 Qxh5 32. Nd7 Bxd7 33. Rxd7 Rf7 34. Rxe7 Raf8 35. R1xe5 Qg6 36. R7e6 Rf6 37. Qxb7+ R8f7 38. Qxc6 Rxe6 39. Rxe6 Qg5 40. Qe4+ Qf5 41. Qc6 h5 42. Qd6 Qf4 43. Re5 Kg7 44. Qc5 h4 45. Rg5+ Kf6 46. Rg8 h3 47. Qc6+ Kf5 48. Qd5+ Kf6 49. Qc6+ Kf5 50. Qg6+ Ke5 51. Re8+ Kd5 52. Qe6+ Kc5 53. Rd8 Qf3 54. Rc8+ Kb5 55. c4+ Kb4 56. Qd6+ Ka5 57. Rc5+ 1-0

[Event "6. Bargteheider Sparkassen-Cup"]
[Site "?"]
[Date "2003.06.01"]
[Round "6"]
[White "Salov Sergey Aleksandrovi"]
[Black "Plueg Andreas"]
[Result "1/2-1/2"]
[WhiteElo "2364"]
[BlackElo "2283"]
[PlyCount "55"]
[EventDate "2003.??.??"]
[Source "www.chesslib.no"]
[SourceDate "2004.05.04"]

1. e4 Nf6 2. e5 Ng8 3. d4 d6 4. Nf3 Bg4 5. h3 Bh5 6. Nbd2 e6 7. c3 Nc6 8. Bb5 Nge7 9. Qe2 a6 10. exd6 cxd6 11. Bd3 Bg6 12. Ne4 d5 13. Nc5 Bxd3 14. Nxd3 Ng6 15. h4 h5 16. Ng5 Bd6 17. Rh3 Qd7 18. Rf3 Rf8 19. g3 O-O-O 20. Nf4 Nxf4 21. Bxf4 Bxf4 22. Rxf4 f6 23. Nf3 e5 24. dxe5 fxe5 25. Rxf8 Rxf8 26. Ng5 Qf5 27. f3 d4 28. Qe4 1/2-1/2

[Event "Open, Gent BEL"]
[Site "?"]
[Date "2001.??.??"]
[Round "3"]
[White "Jonkman, H."]
[Black "Etmans, M."]
[Result "1-0"]
[WhiteElo "2465"]
[BlackElo "2140"]
[PlyCount "109"]
[EventDate "2001.??.??"]
[Source "www.chesslib.no"]
[SourceDate "2004.05.04"]

1. e4 Nf6 2. e5 Ng8 3. d4 d6 4. Nf3 Bg4 5. h3 Bxf3 6. Qxf3 c6 7. Bc4 e6 8. exd6 Bxd6 9. Nd2 Nf6 10. O-O Nbd7 11. Bb3 O-O 12. Nc4 Be7 13. Bf4 c5 14. dxc5 Nxc5 15. Rfd1 Qc8 16. Ne3 Re8 17. Bc4 Qc6 18. Qxc6 bxc6 19. Bd6 Nd5 20. Bxe7 Rxe7 21. Be2 Rb7 22. Nc4 Kf8 23. Bf3 f6 24. b3 Rc7 25. Na5 Kf7 26. Nxc6 Rxc6 27. Rxd5 Rac8 28. Rd2 R6c7 29. Rad1 Ke7 30. Rd4 e5 31. Rh4 Ne6 32. c4 h6 33. Bd5 Nd4 34. Re4 Kd6 35. f4 Re7 36. fxe5+ fxe5 37. Rd3 a5 38. Rg3 Kc5 39. Rg6 Kb4 40. Ra6 Rc5 41. Re3 Nc2 42. Rb6+ Ka3 43. b4+ Nxe3 44. bxc5 Nf5 45. c6 Nd6 46. Rb7 Nc8 47. c5 e4 48. Rb3+ Ka4 49. Rb8 e3 50. Kf1 Rc7 51. Rb7 Re7 52. Rxe7 Nxe7 53. c7 Kb4 54. Be6 Kc3 55. Ke2 1-0

[Event "Jyvaskyla We JyS op"]
[Site "?"]
[Date "1996.??.??"]
[Round "3"]
[White "Kiik Kalle"]
[Black "Kytoniemi Jyrki"]
[Result "1-0"]
[WhiteElo "2385"]
[BlackElo "2220"]
[PlyCount "81"]
[EventDate "1996.??.??"]
[Source "www.chesslib.no"]
[SourceDate "2004.05.04"]

1. e4 Nf6 2. e5 Ng8 3. Nf3 d5 4. d4 Bf5 5. c4 e6 6. Qb3 b6 7. Nc3 c6 8. cxd5 exd5 9. Be2 Ne7 10. O-O Ng6 11. Be3 Be7 12. Nd2 h5 13. f4 Nf8 14. Bf3 a5 15. Rac1 Ra7 16. Ne2 h4 17. a4 Ne6 18. g4 hxg3 19. Nxg3 Bh3 20. Bg2 Bxg2 21. Kxg2 Bb4 22. Nf3 g6 23. h4 c5 24. f5 gxf5 25. Nxf5 c4 26. Qc2 Nd7 27. Bd2 Be7 28. b3 Rc7 29. bxc4 Rxc4 30. Qd3 Rxc1 31. Rxc1 Bb4 32. Qa6 O-O 33. Bxb4 axb4 34. Rc8 Nb8 35. Qb7 Qd7 36. Qxb8 Qxa4 37. Rxf8+ Nxf8 38. Ne7+ Kg7 39. h5 Qc2+ 40. Kg3 Qc1 41. h6+ 1-0

[Event "BL3-West 8687"]
[Site "GER"]
[Date "1986.??.??"]
[Round "4.2"]
[White "Sandkamp, Ralph"]
[Black "Budde, Vladimir"]
[Result "1-0"]
[WhiteElo "2250"]
[BlackElo "2345"]
[PlyCount "73"]
[EventDate "1986.??.??"]
[Source "www.chesslib.no"]
[SourceDate "2004.05.04"]

1. e4 Nf6 2. e5 Ng8 3. d4 d6 4. f4 g6 5. Nf3 c6 6. Bd3 Bg4 7. h3 Bxf3 8. Qxf3 e6 9. c3 h5 10. g3 Nh6 11. Be3 Nd7 12. Bf2 Qb6 13. Qe2 dxe5 14. fxe5 O-O-O 15. b4 Qc7 16. Nd2 Nf5 17. Ne4 Be7 18. O-O-O a5 19. a3 Nb6 20. g4 Ng7 21. Bg3 Nd5 22. Bc4 axb4 23. axb4 Ne8 24. Kb2 Qb6 25. Bxd5 cxd5 26. Nc5 Nc7 27. Ra1 Bxc5 28. dxc5 Qc6 29. Qf3 hxg4 30. hxg4 Rxh1 31. Qxh1 Qb5 32. Qf1 d4 33. Ra8+ Kd7 34. c6+ Ke8 35. Qxb5 dxc3+ 36. Kc1 Nxb5 37. cxb7 1-0

[Event "Corr"]
[Site "?"]
[Date "2001.09.01"]
[Round "?"]
[White "Stuart Antoon J. (NED)"]
[Black "Etmans Drs. Maarten D. (NE"]
[Result "1-0"]
[WhiteElo "2385"]
[BlackElo "2207"]
[PlyCount "41"]
[EventDate "2001.??.??"]
[Source "www.chesslib.no"]
[SourceDate "2004.05.04"]

1. e4 Nf6 2. e5 Ng8 3. d4 d6 4. Nf3 Bg4 5. h3 Bxf3 6. Qxf3 c6 7. Qb3 Qb6 8. Nd2 Qxb3 9. Nxb3 dxe5 10. dxe5 e6 11. Bd2 Nd7 12. f4 h5 13. O-O-O h4 14. Na5 Rb8 15. Be2 Ne7 16. Rhe1 Nf5 17. Bf3 Bc5 18. Kb1 Ng3 19. Bc3 Nb6 20. Nxb7 O-O 21. Nxc5 1-0

[Event "Aggtelek Open"]
[Site "Aggtelek"]
[Date "1993.??.??"]
[Round "6"]
[White "Boricsev, Oleg"]
[Black "Dede, Erno"]
[Result "1/2-1/2"]
[WhiteElo "2325"]
[BlackElo "2265"]
[PlyCount "78"]
[EventDate "1993.??.??"]
[Source "www.chesslib.no"]
[SourceDate "2004.05.04"]

1. e4 Nf6 2. e5 Ng8 3. d4 d6 4. exd6 cxd6 5. Nf3 Bg4 6. Bb5+ Nd7 7. O-O a6 8. Be2 e6 9. h3 Bh5 10. Re1 Ngf6 11. c4 Be7 12. Nc3 Rc8 13. b3 O-O 14. a4 b6 15. Bb2 a5 16. Nh4 Bxe2 17. Qxe2 Re8 18. d5 Nxd5 19. cxd5 Bxh4 20. Nb5 Nc5 21. Qg4 e5 22. Rad1 f5 23. Qf3 Qd7 24. Ba3 Be7 25. Bxc5 Rxc5 26. Rc1 Rec8 27. Rxc5 Rxc5 28. Na3 e4 29. Qe3 Qb7 30. Rd1 Bd8 31. Qd2 Bf6 32. Nc4 Qc7 33. Qf4 Rxc4 34. bxc4 Be5 35. Qxf5 Qxc4 36. Qe6+ Kf8 37. f4 exf3 38. Rf1 Bd4+ 39. Kh2 Qxf1 1/2-1/2

[Event "Essent (open)"]
[Site "?"]
[Date "2004.10.18"]
[Round "4"]
[White "Spoelman Wouter"]
[Black "Swinkels Robin"]
[Result "1/2-1/2"]
[WhiteElo "2357"]
[BlackElo "2231"]
[PlyCount "82"]
[EventDate "2004.??.??"]
[Source "www.chesslib.no"]
[SourceDate "2004.05.04"]

1. e4 Nf6 2. e5 Ng8 3. Nf3 d6 4. d4 Bg4 5. h3 Bf5 6. Nc3 e6 7. exd6 Bxd6 8. Bc4 Nd7 9. O-O Nb6 10. Bb3 c6 11. Re1 Ne7 12. Ne4 Bxe4 13. Rxe4 Qc7 14. c4 c5 15. dxc5 Qxc5 16. Qe2 Nf5 17. Kh1 O-O-O 18. Ne5 Nd4 19. Rxd4 Qxe5 20. Qxe5 Bxe5 21. Re4 Bd4 22. Re2 e5 23. Rb1 Kb8 24. f4 f6 25. fxe5 Bxe5 26. Be3 Rhe8 27. Bg1 Bg3 28. Rxe8 Rxe8 29. c5 Nc8 30. Bd5 Kc7 31. b4 Ne7 32. Bf3 Nf5 33. Bg4 Ne3 34. Rb3 Bf4 35. g3 Nxg4 36. gxf4 Nh6 37. b5 a6 38. bxa6 bxa6 39. Rb6 Nf5 40. Rxa6 Re2 41. Ra3 Kc6 1/2-1/2

[Event "Oakham House"]
[Site "Oakham ENG"]
[Date "1988.??.??"]
[Round "4"]
[White "O'Donnell, Tom"]
[Black "Fuster, Geza"]
[Result "1-0"]
[WhiteElo "2340"]
[BlackElo "2235"]
[PlyCount "95"]
[EventDate "1988.??.??"]
[Source "www.chesslib.no"]
[SourceDate "2004.05.04"]

1. e4 Nf6 2. e5 Ng8 3. d4 d5 4. Bd3 c5 5. c3 Nc6 6. Ne2 Bg4 7. f3 Bh5 8. Nf4 Bg6 9. Bxg6 hxg6 10. e6 g5 11. exf7+ Kxf7 12. Nh3 Rxh3 13. gxh3 e6 14. Rg1 cxd4 15. Bxg5 Be7 16. h4 Qb6 17. Rg2 Rc8 18. cxd4 Nxd4 19. Nc3 Nf5 20. Qd3 Qb4 21. Kf1 g6 22. Re1 Bxg5 23. hxg5 d4 24. Nd1 Nge7 25. Rc2 Rxc2 26. Qxc2 Nd5 27. Qe4 Nfe3+ 28. Nxe3 Qb5+ 29. Kg1 dxe3 30. b3 Qa5 31. Rxe3 Nxe3 32. Qxe3 Qxa2 33. Qf4+ Ke8 34. Qb8+ Kd7 35. Qxb7+ Kd6 36. Qb4+ Kc6 37. Qa4+ Qxa4 38. bxa4 Kd6 39. Kf2 Ke5 40. Kg3 Kf5 41. h4 e5 42. a5 a6 43. Kh3 Kf4 44. Kg2 e4 45. fxe4 Kg4 46. e5 Kf5 47. Kf3 Kxe5 48. Kg4 1-0

[Event "Montecatini Terme op"]
[Site "Montecatini Terme"]
[Date "1997.08.05"]
[Round "5"]
[White "Genocchio, Daniele"]
[Black "Rossi, Carlo"]
[Result "0-1"]
[WhiteElo "2215"]
[BlackElo "2355"]
[PlyCount "78"]
[EventDate "1997.11.??"]
[Source "www.chesslib.no"]
[SourceDate "2004.05.04"]

1. e4 Nf6 2. e5 Ng8 3. Nf3 d5 4. exd6 cxd6 5. d4 g6 6. Bc4 Bg7 7. O-O d5 8. Bd3 Nc6 9. c3 Nf6 10. h3 Bf5 11. Bxf5 gxf5 12. Bf4 Ne4 13. b4 e6 14. Qd3 O-O 15. Nbd2 Rc8 16. Rfc1 Kh8 17. Qe3 Rg8 18. Ne1 Qh4 19. Ndf3 Qh5 20. Nd3 f6 21. Kf1 b6 22. c4 dxc4 23. Rxc4 Ne7 24. Rac1 Rce8 25. R1c2 Nd5 26. Qc1 Bf8 27. a3 Re7 28. Nfe1 Reg7 29. Rc6 Rxg2 30. Nxg2 Qxh3 31. Nde1 Rxg2 32. Nxg2 Qh1+ 33. Ke2 Qxg2 34. Kd3 Qf3+ 35. Be3 b5 36. Rd2 f4 37. Qe1 fxe3 38. fxe3 Nf4+ 39. Kc2 Nxd2 0-1